| 000 | 00759 a2200289 4500 | ||
|---|---|---|---|
| 260 | _aCotonou | ||
| 100 | _aVARKEVISSER, C. M | ||
| 700 | 1 | _aALIHONOU, E | |
| 700 | 1 | _aINOUSSA, S. | |
| 260 | _bCREDESA | ||
| 245 | _aDiagnostic rapide de la situation sanitaire et nutritionnelle dans le cadre du projet SSP de pahou au Bénin : méthodes et résultats | ||
| 300 | _a120p. | ||
| 650 | _aNUTRITION HUMAINE | ||
| 650 | _aSANTE PUBLIQUE | ||
| 650 | _aDEVELOPEMENT RURAL | ||
| 650 | _aDIAGNOSTIC | ||
| 260 | _c1993 | ||
| 300 | _bill., couv. ill. en coul. | ||
| 130 | _lFr | ||
| 651 | _aBENIN | ||
| 690 | _anutrition | ||
| 690 | _asanté | ||
| 690 | _adiagnostic en milieu rural | ||
| 020 | _a90-6832-078-5 | ||
| 999 |
_c20692 _d20692 |
||